000
00330nam a2200145Ia 4500
100
_a
Zbar/ P.B. & others
650
_a
Electrical Engineering
942
_c
BK
654
_a
electronics
245
_a
Basic Electronics 7/e
260
_b
Tata Mc Graw hill
_a
New Delhi
_c
1994
300
_a
381
546
_a
ENGLISH
999
_c
31400
_d
31400